[Event "Zhukovsky Winter op"]
[Site "Zhukovsky"]
[Date "2014.??.??"]
[Round "9"]
[White "Mozgalov, Viktor"]
[Black "Spitsyn, Mikhail"]
[Result "1/2-1/2"]
[WhiteElo "1933"]
[BlackElo "1785"]
[PlyCount "57"]
[EventDate "2014.11.22"]
[EventType "swiss"]
[EventRounds "9"]
[EventCountry "RUS"]
[SourceTitle "EXT 2016"]
[Source "ChessBase"]
[SourceDate "2015.10.08"]
[SourceVersion "1"]
[SourceVersionDate "2015.10.08"]
[SourceQuality "1"]

1. d4 Nf6 2. c4 e5 3. dxe5 Ng4 4. Bf4 Bb4+ 5. Nc3 Nc6 6. Nf3 Qe7 7. Qd5 f6 8. exf6 Nxf6 9. Qd3 d6 10. Bg5 Ne5 11. Nxe5 Qxe5 12. Bxf6 Qxf6 13. e3 0-0 14. Qd2 Bxc3 15. bxc3 Bf5 16. Be2 Rae8 17. 0-0 Qg6 18. Rfe1 Be4 19. Bf1 Rf6 20. Kh1 Ref8 21. f3 Bc6 22. e4 Qh5 23. Qd4 Rh6 24. Qg1 b6 25. Rad1 Qa5 26. Qd4 Qh5 27. Qg1 Qa5 28. Qd4 Qh5 29. Qg1 1/2-1/2

[Event "Zhukovsky Winter op"]
[Site "Zhukovsky"]
[Date "2014.??.??"]
[Round "1"]
[White "Mozgalov, Viktor"]
[Black "Yulchiev, Alimjan"]
[Result "1-0"]
[WhiteElo "1933"]
[BlackElo "1763"]
[PlyCount "99"]
[EventDate "2014.11.22"]
[EventType "swiss"]
[EventRounds "9"]
[EventCountry "RUS"]
[SourceTitle "EXT 2016"]
[Source "ChessBase"]
[SourceDate "2015.10.08"]
[SourceVersion "1"]
[SourceVersionDate "2015.10.08"]
[SourceQuality "1"]

1. d4 Nf6 2. c4 e6 3. g3 Nc6 4. Nf3 d5 5. Bg2 b6 6. 0-0 Bd6 7. Nbd2 0-0 8. b3 a5 9. a3 Rb8 10. Bb2 Bb7 11. Qc2 Qe7 12. Ne5 Rfd8 13. cxd5 Na7 14. dxe6 Qxe6 15. e4 c5 16. d5 Qe7 17. Nec4 Bc7 18. d6 Rxd6 19. Nxd6 Bxd6 20. Rfe1 Nc6 21. Nc4 Bc7 22. Rad1 Ng4 23. h3 Nge5 24. Ne3 Rd8 25. Nf5 Qe6 26. f4 Ng6 27. Nxg7 Qe7 28. Nf5 Qe6 29. Nh6+ Kf8 30. f5 Qe7 31. fxg6 hxg6 32. Rxd8+ Qxd8 33. Qf2 Qe7 34. Rf1 Ne5 35. Bxe5 Bxe5 36. Qxf7+ Qxf7 37. Rxf7+ Ke8 38. Rxb7 a4 39. Rxb6 c4 40. Rb5 Bd4+ 41. Kf1 axb3 42. Ke2 b2 43. Kd1 c3 44. Kc2 Ke7 45. Ng4 Ke6 46. Bf1 Ke7 47. Bc4 Bh8 48. a4 Kd6 49. Rg5 Bd4 50. Rd5+ 1-0

[Event "Zhukovsky Winter op"]
[Site "Zhukovsky"]
[Date "2014.??.??"]
[Round "8"]
[White "Temichev, Evgeniy"]
[Black "Mozgalov, Viktor"]
[Result "1-0"]
[WhiteElo "1906"]
[BlackElo "1933"]
[PlyCount "83"]
[EventDate "2014.11.22"]
[EventType "swiss"]
[EventRounds "9"]
[EventCountry "RUS"]
[SourceTitle "EXT 2016"]
[Source "ChessBase"]
[SourceDate "2015.10.08"]
[SourceVersion "1"]
[SourceVersionDate "2015.10.08"]
[SourceQuality "1"]

1. e4 c5 2. Nf3 e6 3. c4 d6 4. Nc3 Nf6 5. d4 cxd4 6. Nxd4 Be7 7. Be3 0-0 8. Be2 a6 9. 0-0 Qc7 10. Rc1 b6 11. b4 Bb7 12. f3 Nbd7 13. Qe1 Rac8 14. Qf2 Qb8 15. b5 a5 16. Nb3 Nc5 17. Nxc5 dxc5 18. Na4 Ba8 19. Rc2 Rfd8 20. e5 Nd7 21. Qg3 Nxe5 22. Nxb6 Qxb6 23. Qxe5 Bf6 24. Qg3 Bd4 25. Qf2 Rd7 26. Bxd4 Rxd4 27. Rd1 Rcd8 28. Rxd4 Rxd4 29. Qe3 f6 30. Rd2 Kf7 31. Rxd4 cxd4 32. Qd3 e5 33. Kf1 Qc5 34. Qxh7 e4 35. fxe4 Qa3 36. Bh5+ Ke6 37. Qg8+ Kd7 38. Qxg7+ Kc8 39. Bg4+ Kb8 40. Qg8+ Ka7 41. b6+ Kxb6 42. Qd8+ 1-0

[Event "Zhukovsky op"]
[Site "Zhukovsky"]
[Date "2012.04.??"]
[Round "9"]
[White "Kostrov, Sergey"]
[Black "Mozgalov, Viktor"]
[Result "0-1"]
[WhiteElo "1606"]
[BlackElo "1973"]
[PlyCount "106"]
[EventDate "2012.04.??"]
[EventType "swiss"]
[EventRounds "9"]
[EventCountry "RUS"]
[SourceTitle "EXT 2014"]
[Source "ChessBase"]
[SourceDate "2013.11.20"]
[SourceVersion "1"]
[SourceVersionDate "2013.11.20"]
[SourceQuality "1"]

1. e4 c5 2. Nf3 e6 3. d4 cxd4 4. Nxd4 Nf6 5. Nc3 d6 6. Be3 a6 7. Be2 Be7 8. 0-0 Qc7 9. f4 0-0 10. Kh1 b5 11. Bf3 Bb7 12. a3 Nbd7 13. Nb3 Rac8 14. Qe2 Rfe8 15. Rac1 Nb6 16. Nd2 Bf8 17. Bg1 Nbd7 18. Nb3 Qb8 19. Rfd1 Rc7 20. h3 Rec8 21. Bf2 Rxc3 22. bxc3 Rxc3 23. Bd4 Rc8 24. Bb2 e5 25. f5 Nb6 26. Na5 Nc4 27. Nxc4 Rxc4 28. Re1 Bxe4 29. Bxe4 Nxe4 30. Qf3 d5 31. Re2 f6 32. Rd1 Rc5 33. Qb3 Kh8 34. Kh2 Qb7 35. a4 b4 36. Rd3 Rc4 37. c3 Nc5 38. Qd1 Nxd3 39. Qxd3 e4 40. Qd2 Bd6+ 41. g3 h6 42. cxb4 Bxb4 43. Qf4 Qc7 44. Qf2 a5 45. Kg2 Bc5 46. Qf1 Qd7 47. Rd2 Qxa4 48. Rxd5 Rc2+ 49. Kh1 e3 50. Qf3 e2 51. Bc3 Rc1+ 52. Be1 Rxe1+ 53. Kg2 Rg1+ 0-1

[Event "Zhukovsky op"]
[Site "Zhukovsky"]
[Date "2012.04.??"]
[Round "3"]
[White "Mozgalov, Viktor"]
[Black "Dubrovin, Ivan"]
[Result "1-0"]
[WhiteElo "1973"]
[BlackElo "1663"]
[PlyCount "49"]
[EventDate "2012.04.??"]
[EventType "swiss"]
[EventRounds "9"]
[EventCountry "RUS"]
[SourceTitle "EXT 2014"]
[Source "ChessBase"]
[SourceDate "2013.11.20"]
[SourceVersion "1"]
[SourceVersionDate "2013.11.20"]
[SourceQuality "1"]

1. d4 d5 2. c4 c6 3. Nf3 Nf6 4. e3 Bf5 5. Nc3 e6 6. Bd2 Nbd7 7. Qb3 dxc4 8. Qxb7 c5 9. Bxc4 Rb8 10. Qxa7 Ne4 11. Bb5 Bd6 12. dxc5 Nexc5 13. Bxd7+ Nxd7 14. 0-0 Rxb2 15. Qd4 Nf6 16. Nd5 Rb7 17. Nxf6+ gxf6 18. Ba5 Bxh2+ 19. Kxh2 Qxa5 20. Qxf6 Rg8 21. Rac1 Rg6 22. Qh8+ Ke7 23. Nd4 Qd5 24. Nc6+ Kd6 25. Qf8+ 1-0

[Event "Zhukovsky op"]
[Site "Zhukovsky"]
[Date "2012.04.??"]
[Round "8"]
[White "Mozgalov, Viktor"]
[Black "Kazankov, Andrey"]
[Result "0-1"]
[WhiteElo "1973"]
[BlackElo "2120"]
[PlyCount "78"]
[EventDate "2012.04.??"]
[EventType "swiss"]
[EventRounds "9"]
[EventCountry "RUS"]
[SourceTitle "EXT 2014"]
[Source "ChessBase"]
[SourceDate "2013.11.20"]
[SourceVersion "1"]
[SourceVersionDate "2013.11.20"]
[SourceQuality "1"]

1. d4 d5 2. c4 c6 3. Nf3 e6 4. Bg5 Be7 5. Bxe7 Qxe7 6. e3 dxc4 7. Bxc4 Qb4+ 8. Nbd2 Qxb2 9. 0-0 Nf6 10. e4 h6 11. Rc1 b5 12. Bb3 a5 13. a4 Ba6 14. Re1 0-0 15. e5 Nd5 16. Ne4 Ra7 17. Nc5 b4 18. Bxd5 cxd5 19. Rc2 Qa3 20. Qd2 b3 21. Rb2 Bc4 22. h4 Na6 23. Re3 Nxc5 24. dxc5 Qxa4 25. Nd4 Qa1+ 26. Kh2 a4 27. Rg3 Kh8 28. Qf4 Qxb2 29. Nxe6 fxe6 30. Qxf8+ Kh7 31. Qe8 Qxf2 32. Qg6+ Kg8 33. Qe8+ Qf8 34. Qxe6+ Kh8 35. Rf3 Qg8 36. Qd6 Ra8 37. e6 b2 38. e7 b1Q 39. Rf8 Qb8 0-1

[Event "Zhukovsky op"]
[Site "Zhukovsky"]
[Date "2012.04.??"]
[Round "5"]
[White "Mozgalov, Viktor"]
[Black "Tselyutin, Viktor"]
[Result "0-1"]
[WhiteElo "1973"]
[BlackElo "1859"]
[PlyCount "79"]
[EventDate "2012.04.??"]
[EventType "swiss"]
[EventRounds "9"]
[EventCountry "RUS"]
[SourceTitle "EXT 2014"]
[Source "ChessBase"]
[SourceDate "2013.11.20"]
[SourceVersion "1"]
[SourceVersionDate "2013.11.20"]
[SourceQuality "1"]

1. d4 Nf6 2. c4 e6 3. g3 d5 4. Bg2 c6 5. Nd2 Bb4 6. Qc2 Nbd7 7. Ngf3 0-0 8. 0-0 Re8 9. a3 Bd6 10. b3 e5 11. dxe5 Nxe5 12. cxd5 Nxd5 13. e4 Ne7 14. Bb2 N7g6 15. Nd4 Qb6 16. h3 Bc5 17. Nf5 Be6 18. b4 Bf8 19. Nd4 Rad8 20. Nxe6 Rxe6 21. Nb3 Nd3 22. Bc3 Red6 23. Kh2 R6d7 24. Rab1 h5 25. h4 Nge5 26. f3 Nc4 27. Nc5 Nxc5 28. bxc5 Qc7 29. Qb3 Ne3 30. Rfe1 Nxg2 31. Kxg2 Bxc5 32. Re2 Bd6 33. e5 Bf8 34. a4 b6 35. Qc4 Rd5 36. Qe4 Qd7 37. Rbe1 Qe6 38. f4 Qg4 39. Re3 Bc5 40. Rf3 0-1

[Event "Zhukovsky op"]
[Site "Zhukovsky"]
[Date "2011.02.20"]
[Round "4"]
[White "Mozgalov, Viktor"]
[Black "Ershov, Aleksey"]
[Result "0-1"]
[WhiteElo "1959"]
[BlackElo "1779"]
[PlyCount "122"]
[EventDate "2011.02.17"]
[EventType "swiss"]
[EventRounds "9"]
[EventCountry "RUS"]
[SourceTitle "CBM 141 Extra"]
[Source "ChessBase"]
[SourceDate "2011.05.03"]
[SourceVersion "1"]
[SourceVersionDate "2011.05.03"]
[SourceQuality "1"]

1. d4 Nf6 2. c4 e6 3. Nf3 d5 4. Bg5 Bb4+ 5. Nc3 Nbd7 6. e3 h6 7. Bxf6 Bxc3+ 8. bxc3 Qxf6 9. cxd5 exd5 10. Bd3 0-0 11. 0-0 Re8 12. Qd2 c6 13. Rae1 Qd6 14. Bb1 Nf6 15. Qb2 b6 16. Rc1 Rb8 17. Rfe1 Be6 18. Ne5 Ng4 19. Nxg4 Bxg4 20. f3 Bd7 21. e4 dxe4 22. fxe4 c5 23. e5 Qe6 24. Rf1 Bc6 25. Qc2 Qg4 26. Qf2 f6 27. Bf5 Qg5 28. h4 Qh5 29. Rce1 Rf8 30. e6 g5 31. e7 Rfe8 32. g4 Qxh4 33. Qxh4 gxh4 34. Be6+ Kg7 35. d5 Rxe7 36. dxc6 Rbe8 37. Kf2 Rxe6 38. c7 Rxe1 39. Rxe1 Rc8 40. Re7+ Kg6 41. c4 f5 42. gxf5+ Kxf5 43. a4 Kf6 44. Rh7 Kg5 45. Kf3 Rf8+ 46. Kg2 Kg6 47. Rd7 Rc8 48. Kh3 Kf6 49. Kxh4 Ke6 50. Rh7 Kd6 51. Rxh6+ Kxc7 52. Rh7+ Kb8 53. Kg3 Rc7 54. Rh8+ Kb7 55. Kf3 Ka6 56. Ke3 Rd7 57. Rh1 Ka5 58. Ra1 Rd4 59. Rc1 Kb4 60. a5 bxa5 61. Rb1+ Kxc4 0-1

[Event "Zhukovsky op"]
[Site "Zhukovsky"]
[Date "2011.02.19"]
[Round "3"]
[White "Yasev, Daniil"]
[Black "Mozgalov, Viktor"]
[Result "0-1"]
[WhiteElo "1598"]
[BlackElo "1959"]
[PlyCount "72"]
[EventDate "2011.02.17"]
[EventType "swiss"]
[EventRounds "9"]
[EventCountry "RUS"]
[SourceTitle "CBM 141 Extra"]
[Source "ChessBase"]
[SourceDate "2011.05.03"]
[SourceVersion "1"]
[SourceVersionDate "2011.05.03"]
[SourceQuality "1"]

1. e4 c5 2. c3 Nf6 3. d3 d6 4. h3 g6 5. Nf3 Bg7 6. Qb3 0-0 7. Be3 Nc6 8. Nbd2 e5 9. Be2 Qe7 10. 0-0 h6 11. Qc2 d5 12. exd5 Nxd5 13. Nc4 Nxe3 14. Nxe3 Be6 15. a3 Rac8 16. Rfb1 a5 17. Nd2 f5 18. Ndc4 b5 19. Nb6 Rcd8 20. c4 Nd4 21. Qd1 bxc4 22. Nbxc4 f4 23. Nxa5 fxe3 24. fxe3 Nxe2+ 25. Qxe2 Qd7 26. Rd1 Qb5 27. b4 cxb4 28. axb4 e4 29. Rab1 Rxd3 30. Rxd3 exd3 31. Qd2 Rc8 32. e4 Rc2 33. Qe3 Re2 34. Qg3 d2 35. h4 Kh7 36. Kh1 Be5 0-1

[Event "Zhukovsky op"]
[Site "Zhukovsky"]
[Date "2011.02.18"]
[Round "2"]
[White "Mozgalov, Viktor"]
[Black "Kochetkov, Sergey"]
[Result "1-0"]
[WhiteElo "1959"]
[BlackElo "1622"]
[PlyCount "55"]
[EventDate "2011.02.17"]
[EventType "swiss"]
[EventRounds "9"]
[EventCountry "RUS"]
[SourceTitle "CBM 141 Extra"]
[Source "ChessBase"]
[SourceDate "2011.05.03"]
[SourceVersion "1"]
[SourceVersionDate "2011.05.03"]
[SourceQuality "1"]

1. d4 Nf6 2. c4 e6 3. Nf3 d5 4. Bg5 Be7 5. e3 h6 6. Bxf6 Bxf6 7. Nc3 0-0 8. Qc2 c6 9. 0-0-0 Qc7 10. h4 dxc4 11. Bxc4 b5 12. Bd3 e5 13. Nxb5 Qa5 14. Nc3 Bg4 15. Kb1 Na6 16. Bxa6 Bxf3 17. gxf3 Qxa6 18. Ne4 Kh8 19. Nxf6 gxf6 20. Qf5 exd4 21. Qxf6+ Kh7 22. Rhg1 Rg8 23. Qxf7+ Kh8 24. Rg6 Rxg6 25. Qxg6 Qe2 26. Qxh6+ Kg8 27. Rg1+ Kf7 28. Rg7+ 1-0

[Event "Zhukovsky-A 02"]
[Site "Zhukovsky"]
[Date "2011.02.09"]
[Round "7"]
[White "Mozgalov, Viktor"]
[Black "Chalov, Vasily"]
[Result "1/2-1/2"]
[WhiteElo "1959"]
[BlackElo "2052"]
[PlyCount "83"]
[EventDate "2011.02.09"]
[EventType "swiss"]
[EventRounds "9"]
[EventCountry "RUS"]
[SourceTitle "EXT 2022"]
[Source "ChessBase"]
[SourceDate "2021.10.06"]
[SourceVersion "1"]
[SourceVersionDate "2021.10.06"]
[SourceQuality "1"]

1. d4 f5 2. g4 e6 3. Nc3 Nf6 4. gxf5 exf5 5. Bg5 Be7 6. e3 d5 7. Bg2 c6 8. Nh3 Ne4 9. Nxe4 fxe4 10. Bf4 Nd7 11. Qh5+ g6 12. Qe2 Nf6 13. Ng1 Bg4 14. f3 Bf5 15. 0-0-0 Qd7 16. Be5 0-0 17. Re1 Rae8 18. f4 Ng4 19. h4 Nxe5 20. dxe5 Qd8 21. h5 Bh4 22. Rf1 d4 23. exd4 g5 24. Nh3 Qxd4 25. Nxg5 Bxg5 26. fxg5 Rxe5 27. g6 Rb5 28. gxh7+ Kxh7 29. c3 Qd3 30. Qxd3 exd3 31. Rxf5 Rbxf5 32. Be4 Kh6 33. Bxf5 Rxf5 34. Rh2 c5 35. c4 a6 36. Kd2 Rf3 37. a4 b6 38. Kc3 a5 39. Rd2 Kxh5 40. Rxd3 Rf6 41. Rg3 Kh4 42. Rg8 1/2-1/2

[Event "Zhukovsky-A 02"]
[Site "Zhukovsky"]
[Date "2011.02.09"]
[Round "3"]
[White "Mozgalov, Viktor"]
[Black "Leschenko, Wjatcheslaw"]
[Result "1-0"]
[WhiteElo "1959"]
[BlackElo "1649"]
[PlyCount "69"]
[EventDate "2011.02.09"]
[EventType "swiss"]
[EventRounds "9"]
[EventCountry "RUS"]
[SourceTitle "EXT 2022"]
[Source "ChessBase"]
[SourceDate "2021.10.06"]
[SourceVersion "1"]
[SourceVersionDate "2021.10.06"]
[SourceQuality "1"]

1. d4 Nf6 2. c4 g6 3. Nc3 c6 4. e4 Bg7 5. e5 Ng8 6. Bf4 h6 7. Qd2 g5 8. Bg3 f5 9. f4 g4 10. Bh4 Qc7 11. 0-0-0 e6 12. Kb1 Ne7 13. Bxe7 Kxe7 14. d5 Kf7 15. h3 h5 16. hxg4 hxg4 17. Rxh8 Bxh8 18. g3 Qb6 19. Qh2 Qd8 20. dxe6+ Kg7 21. exd7 Nxd7 22. e6 Qe7 23. exd7 Bxd7 24. Bd3 Kg6 25. Nge2 a5 26. Rh1 Bg7 27. Qh5+ Kf6 28. Nd4 Rh8 29. Qg5+ Kf7 30. Qxe7+ Kxe7 31. Rxh8 Bxh8 32. Nxf5+ Ke6 33. Ne3 Bxc3 34. bxc3 Kf6 35. Be2 1-0

[Event "Zhukovsky-A 02"]
[Site "Zhukovsky"]
[Date "2011.02.09"]
[Round "9"]
[White "Mozgalov, Viktor"]
[Black "Shebchenko, Vladimir"]
[Result "1/2-1/2"]
[WhiteElo "1959"]
[BlackElo "1931"]
[PlyCount "118"]
[EventDate "2011.02.09"]
[EventType "swiss"]
[EventRounds "9"]
[EventCountry "RUS"]
[SourceTitle "EXT 2022"]
[Source "ChessBase"]
[SourceDate "2021.10.06"]
[SourceVersion "1"]
[SourceVersionDate "2021.10.06"]
[SourceQuality "1"]

1. d4 Nf6 2. c4 g6 3. Nc3 Bg7 4. e4 d6 5. f4 c5 6. d5 0-0 7. Nf3 e6 8. dxe6 fxe6 9. e5 dxe5 10. Qxd8 Rxd8 11. fxe5 Ng4 12. Bg5 Rd7 13. g3 Nxe5 14. Nxe5 Bxe5 15. Bh3 Rf7 16. 0-0-0 Nc6 17. Ne4 h6 18. Be3 Bd4 19. Bxd4 cxd4 20. Nd6 Re7 21. Rde1 Bd7 22. Nxb7 e5 23. Bxd7 Rxd7 24. Nc5 Re7 25. Re4 Kg7 26. Nd3 a5 27. Rhe1 Rae8 28. Kc2 g5 29. g4 Kf6 30. a3 a4 31. Nc5 Na5 32. Kd3 Rc7 33. Nxa4 Nb3 34. R4e2 Ra7 35. Rf2+ Kg6 36. Kc2 Na5 37. Nb6 e4 38. b4 d3+ 39. Kd2 Nb3+ 40. Ke3 Rxa3 41. Nd5 Nc1 42. Kd4 Ne2+ 43. Rfxe2 dxe2 44. Rxe2 Rd3+ 45. Kc5 e3 46. b5 Re4 47. b6 Rb3 48. Rxe3 Rexe3 49. Nxe3 Rxe3 50. b7 Rb3 51. Kc6 Kf6 52. c5 Ke5 53. Kc7 Kd5 54. c6 Rb2 55. Kd7 Kc5 56. Kc7 Rb1 57. Kd7 Rb2 58. Kc7 Rb1 59. Kd7 Rb2 1/2-1/2

[Event "Zhukovsky-chA"]
[Site "Zhukovsky"]
[Date "2010.04.01"]
[Round "5"]
[White "Mozgalov, Viktor"]
[Black "Domnin, Vladimir"]
[Result "1-0"]
[WhiteElo "1925"]
[BlackElo "2016"]
[PlyCount "73"]
[EventDate "2010.04.01"]
[EventType "swiss"]
[EventRounds "9"]
[EventCountry "RUS"]
[SourceTitle "EXT 2022"]
[Source "ChessBase"]
[SourceDate "2021.10.06"]
[SourceVersion "1"]
[SourceVersionDate "2021.10.06"]
[SourceQuality "1"]

1. d4 d5 2. c4 dxc4 3. Nf3 Nf6 4. e3 e6 5. Bxc4 Be7 6. 0-0 0-0 7. Qe2 c6 8. e4 Nbd7 9. Nc3 Qa5 10. e5 Nd5 11. Nxd5 exd5 12. Bd3 Qd8 13. Be3 Re8 14. Rac1 Nf8 15. Nd2 f5 16. f4 g6 17. Nf3 Ne6 18. Bb1 Bd7 19. Kh1 Kg7 20. h3 h6 21. g4 fxg4 22. hxg4 Rh8 23. f5 Ng5 24. f6+ Bxf6 25. exf6+ Qxf6 26. Ne5 Bf5 27. gxf5 Ne4 28. Qg4 h5 29. Qxg6+ Qxg6 30. Nxg6 Ng3+ 31. Kg2 Nxf1 32. Rxf1 Rhg8 33. Bf4 Kf6 34. Be5+ Kg5 35. Kh3 Rae8 36. Rg1+ Kh6 37. f6 1-0

[Event "Zhukovsky-chA"]
[Site "Zhukovsky"]
[Date "2010.04.01"]
[Round "2"]
[White "Orekhovsky, Vasily"]
[Black "Mozgalov, Viktor"]
[Result "1-0"]
[WhiteElo "2054"]
[BlackElo "1925"]
[PlyCount "65"]
[EventDate "2010.04.01"]
[EventType "swiss"]
[EventRounds "9"]
[EventCountry "RUS"]
[SourceTitle "EXT 2022"]
[Source "ChessBase"]
[SourceDate "2021.10.06"]
[SourceVersion "1"]
[SourceVersionDate "2021.10.06"]
[SourceQuality "1"]

1. e4 c5 2. Nf3 e6 3. d4 cxd4 4. Nxd4 a6 5. Be3 Qc7 6. Be2 Nf6 7. Nd2 d5 8. c3 dxe4 9. Qc2 e5 10. N4b3 Bf5 11. Nc4 Nbd7 12. a4 Be7 13. a5 0-0 14. Rd1 Nc5 15. Nxc5 Bxc5 16. 0-0 Rad8 17. b4 Bxe3 18. Nxe3 Be6 19. c4 Rd4 20. Rb1 Rfd8 21. Rb2 h6 22. Rc1 Nd7 23. Bf1 f5 24. c5 Nb8 25. Bc4 Bxc4 26. Nxc4 Nc6 27. h3 Rd3 28. Nd6 Nd4 29. Qc4+ Kh7 30. b5 Rxd6 31. cxd6 Rd1+ 32. Kh2 Rxc1 33. Qxc7 1-0

[Event "Zhukovsky op"]
[Site "Zhukovsky"]
[Date "2010.??.??"]
[Round "5"]
[White "Mozgalov, Viktor"]
[Black "Ibragimov, Ali"]
[Result "1/2-1/2"]
[WhiteElo "1891"]
[BlackElo "2094"]
[PlyCount "112"]
[EventDate "2010.05.14"]
[EventType "swiss"]
[EventRounds "9"]
[EventCountry "RUS"]
[SourceTitle "EXT 2011"]
[Source "ChessBase"]
[SourceDate "2010.11.26"]
[SourceVersion "1"]
[SourceVersionDate "2010.11.26"]
[SourceQuality "1"]

1. d4 Nf6 2. c4 e5 3. dxe5 Ng4 4. Bf4 Nc6 5. Nf3 Bc5 6. e3 Qe7 7. Qd5 Bb4+ 8. Nc3 f6 9. exf6 Nxf6 10. Qd3 0-0 11. Be2 Ne4 12. 0-0 Bxc3 13. bxc3 d6 14. Qc2 Nc5 15. Bd3 Nxd3 16. Qxd3 Bf5 17. Qd2 Qf7 18. Nd4 Qxc4 19. Nxc6 bxc6 20. Qd4 Qe6 21. Bg3 c5 22. Qa4 Bd3 23. Rfe1 Qd5 24. e4 Qf7 25. e5 dxe5 26. Rxe5 Rab8 27. Qxa7 Rb2 28. Qxc5 Rxa2 29. Rxa2 Qxa2 30. Qd5+ Qxd5 31. Rxd5 Be4 32. Rd7 c6 33. f3 Bd5 34. Be5 Rf7 35. Rd8+ Rf8 36. Rxf8+ Kxf8 37. Kf2 Kf7 38. Ke3 c5 39. g4 g6 40. f4 Ke6 41. Bb8 Bb3 42. Ba7 Kd5 43. Bb8 Bd1 44. h3 Bc2 45. Kf3 Be4+ 46. Kg3 Ke6 47. Kh4 Bg2 48. Ba7 c4 49. Bd4 Bf1 50. Kg3 Bd3 51. h4 Be2 52. h5 gxh5 53. f5+ Kf7 54. g5 Bg4 55. Kf4 Bh3 56. Ke5 Bg4 1/2-1/2

[Event "Zhukovsky op"]
[Site "Zhukovsky"]
[Date "2010.??.??"]
[Round "6"]
[White "Rusakovsky, Oleg"]
[Black "Mozgalov, Viktor"]
[Result "1-0"]
[WhiteElo "1985"]
[BlackElo "1891"]
[PlyCount "135"]
[EventDate "2010.05.14"]
[EventType "swiss"]
[EventRounds "9"]
[EventCountry "RUS"]
[SourceTitle "EXT 2011"]
[Source "ChessBase"]
[SourceDate "2010.11.26"]
[SourceVersion "1"]
[SourceVersionDate "2010.11.26"]
[SourceQuality "1"]

1. e4 c5 2. Nf3 d6 3. d4 cxd4 4. Nxd4 Nf6 5. Nc3 a6 6. Be2 e6 7. Be3 Be7 8. Qd2 0-0 9. f3 b5 10. 0-0 Bb7 11. a4 b4 12. Nd1 d5 13. e5 Nfd7 14. f4 Nc6 15. Nf2 a5 16. Nd3 Nxd4 17. Bxd4 Ba6 18. f5 Bg5 19. Qe1 exf5 20. Rxf5 g6 21. Rxg5 Qxg5 22. h4 Qh6 23. g4 Bxd3 24. g5 Qg7 25. Bxd3 Rfe8 26. c3 bxc3 27. bxc3 Nxe5 28. Qg3 Re6 29. Rb1 f6 30. Bf1 fxg5 31. hxg5 Qe7 32. Bg2 Rd8 33. Rb5 Nf7 34. Bf6 Rxf6 35. gxf6 Qxf6 36. Bxd5 Rd7 37. c4 Qa1+ 38. Kh2 Qxa4 39. Rb8+ Kg7 40. Qc3+ Kh6 41. Rb5 Qd1 42. Qh3+ Qh5 43. Qxh5+ gxh5 44. Rxa5 Rc7 45. c5 Ne5 46. Ra6+ Kg7 47. c6 Nxc6 48. Bxc6 Re7 49. Bf3 Rc7 50. Bxh5 Rb7 51. Kg3 Rc7 52. Bf3 Re7 53. Kg4 Rc7 54. Be4 Re7 55. Kf4 Rc7 56. Kg5 Re7 57. Bf5 Rf7 58. Re6 Rf8 59. Be4 Rf1 60. Bd5 Rf7 61. Re8 h6+ 62. Kg4 Rf6 63. Re7+ Kh8 64. Kh5 Rd6 65. Be6 Rd1 66. Kxh6 Rh1+ 67. Kg5 Rg1+ 68. Kf6 1-0

[Event "Zhukovsky Rating-A 08"]
[Site "Zhukovsky"]
[Date "2009.08.14"]
[Round "1"]
[White "Mozgalov, Viktor"]
[Black "Belyaev, Oleg"]
[Result "0-1"]
[WhiteElo "1907"]
[BlackElo "2110"]
[PlyCount "52"]
[EventDate "2009.08.14"]
[EventType "swiss"]
[EventRounds "7"]
[EventCountry "RUS"]
[SourceTitle "EXT 2022"]
[Source "ChessBase"]
[SourceDate "2021.10.06"]
[SourceVersion "1"]
[SourceVersionDate "2021.10.06"]
[SourceQuality "1"]

1. d4 d5 2. c4 e6 3. Nc3 Nf6 4. Bg5 Be7 5. e3 0-0 6. Nf3 c6 7. Qc2 h6 8. Bxf6 Bxf6 9. 0-0-0 dxc4 10. Bxc4 b5 11. Bd3 Nd7 12. h4 Bb7 13. Kb1 Qa5 14. Ne4 Be7 15. Qe2 a6 16. g4 c5 17. dxc5 Bxc5 18. g5 h5 19. g6 fxg6 20. Rhg1 Bd5 21. b3 Qb4 22. Nfd2 Ne5 23. Nxc5 Qxc5 24. Bxg6 Nxg6 25. Rxg6 Rac8 26. Qd3 Rc7 0-1

[Event "Zhukovsky Rating-A 08"]
[Site "Zhukovsky"]
[Date "2009.08.14"]
[Round "3"]
[White "Mozgalov, Viktor"]
[Black "Guseynov, Vafadar"]
[Result "1-0"]
[WhiteElo "1907"]
[BlackElo "1880"]
[PlyCount "57"]
[EventDate "2009.08.14"]
[EventType "swiss"]
[EventRounds "7"]
[EventCountry "RUS"]
[SourceTitle "EXT 2022"]
[Source "ChessBase"]
[SourceDate "2021.10.06"]
[SourceVersion "1"]
[SourceVersionDate "2021.10.06"]
[SourceQuality "1"]

1. d4 Nf6 2. c4 g6 3. Nc3 Bg7 4. e4 d6 5. f4 0-0 6. Nf3 c6 7. Be2 Nbd7 8. Be3 Ng4 9. Bg1 e5 10. dxe5 dxe5 11. h3 Ngf6 12. f5 Qa5 13. Qc2 Nc5 14. 0-0-0 Bh6+ 15. Kb1 Ncxe4 16. g4 Ng3 17. Rh2 gxf5 18. g5 e4 19. gxf6 exf3 20. Bxf3 f4 21. Bg4 Bf5 22. Bxf5 Qxf5 23. Qxf5 Nxf5 24. Rd7 b6 25. Rhd2 Rfe8 26. Bf2 Bg5 27. Rc7 Bxf6 28. Rxc6 Bg5 29. Rd5 1-0

[Event "Zhukovsky Rating-A 08"]
[Site "Zhukovsky"]
[Date "2009.08.14"]
[Round "5"]
[White "Mozgalov, Viktor"]
[Black "Sidorov, Evgeniy"]
[Result "0-1"]
[WhiteElo "1907"]
[BlackElo "1943"]
[PlyCount "34"]
[EventDate "2009.08.14"]
[EventType "swiss"]
[EventRounds "7"]
[EventCountry "RUS"]
[SourceTitle "EXT 2022"]
[Source "ChessBase"]
[SourceDate "2021.10.06"]
[SourceVersion "1"]
[SourceVersionDate "2021.10.06"]
[SourceQuality "1"]

1. d4 d5 2. c4 Nc6 3. cxd5 Qxd5 4. Nf3 e5 5. Nc3 Bb4 6. dxe5 Qxd1+ 7. Kxd1 Bg4 8. Bf4 Nge7 9. e3 0-0-0+ 10. Kc2 h6 11. Bb5 Bf5+ 12. Kc1 Nd5 13. Bxc6 Nxc3 14. Nd4 Rxd4 15. exd4 Ne2+ 16. Kd1 Nxf4 17. Bf3 Rd8 0-1

[Event "Zhukovsky op-A 05"]
[Site "Zhukovsky"]
[Date "2009.05.??"]
[Round "9"]
[White "Mozgalov, Viktor"]
[Black "Andreev, Gennadiy"]
[Result "1-0"]
[WhiteElo "1907"]
[BlackElo "2090"]
[PlyCount "67"]
[EventDate "2009.05.??"]
[EventType "swiss"]
[EventRounds "9"]
[EventCountry "RUS"]
[SourceTitle "EXT 2012"]
[Source "ChessBase"]
[SourceDate "2011.11.24"]
[SourceVersion "1"]
[SourceVersionDate "2011.11.24"]
[SourceQuality "1"]

1. d4 d5 2. c4 c6 3. Nf3 e6 4. Bg5 Nf6 5. e3 Qa5+ 6. Nbd2 Ne4 7. Bf4 Nd7 8. Be2 dxc4 9. 0-0 Nxd2 10. Nxd2 b5 11. a4 Qb6 12. Ne4 Bb4 13. b3 c3 14. Qc2 Bb7 15. Nxc3 a6 16. Ne4 Ke7 17. Rac1 h6 18. Nc5 Rac8 19. e4 Rhd8 20. Be3 Bxc5 21. dxc5 Qc7 22. f4 f6 23. Kh1 Nf8 24. Rce1 b4 25. Bc4 Ra8 26. Qe2 a5 27. Qg4 Kf7 28. f5 Qe7 29. e5 Ba6 30. exf6 gxf6 31. Bxe6+ Nxe6 32. Qg6+ Kf8 33. Bxh6+ Ng7 34. Rxe7 1-0